000 00433nam a2200133Ia 4500
008 100328s9999 xx 000 0 und d
082 _b22382
100 _aआपटे ह.ना.
245 _aचाणाक्षपणाचा कळस
260 _bआंबेडकर द.वा.
630 _aचाणाक्षपणाचा कळस
730 _aचाणाक्षपणाचा कळस
942 _cBOOK
999 _c516280
_d516277